Online Catalogue and eLibrary

Mary and human liberation (Record no. 782)

MARC details
000 -LEADER
fixed length control field 00447nam a2200181Ia 4500
005 - DATE AND TIME OF LATEST TRANSACTION
control field 20240715045341.0
008 - FIXED-LENGTH DATA ELEMENTS--GENERAL INFORMATION
fixed length control field 240331s9999 xx 000 0 und d
020 ## - INTERNATIONAL STANDARD BOOK NUMBER
ISBN 13910590
082 ## - DDC Classification
Class No. 200.042
Item Number - Author Mark BAL
100 ## - MAIN ENTRY--PERSONAL NAME
Personal name Balasuriya, T
245 #0 - TITLE STATEMENT
Title Mary and human liberation
260 ## - PUBLICATION, DISTRIBUTION, ETC.
Place of publication, distribution, etc. Colombo
Name of publisher, distributor, etc. Centre for society & religion
Date of publication, distribution, etc. 1994
300 ## - PHYSICAL DESCRIPTION
Extent (e.g. Volumes, Pages etc.) iv, 52 p .,
650 ## - SUBJECT ADDED ENTRY--TOPICAL TERM
Topical term or geographic name entry element Human Rights
650 ## - SUBJECT ADDED ENTRY--TOPICAL TERM
Topical term or geographic name entry element History
650 ## - SUBJECT ADDED ENTRY--TOPICAL TERM
Topical term or geographic name entry element religious
942 ## - Koha item type (Biblio)
Koha item type Books in Stacks (Lending)
Holdings
Lost status Damaged status Collection code Home library Current library Shelving location Date acquired Full call number Accession Number Item type
    Lending WERC Library WERC Library Social Science Cupboard 03/31/2024 200.042 BAL 3258 Books in Stacks (Lending)

© WERC Library